<?xml version="1.0" encoding="UTF-8"?>
<record
    xmlns:xsi="http://www.w3.org/2001/XMLSchema-instance"
    xsi:schemaLocation="http://www.loc.gov/MARC21/slim http://www.loc.gov/standards/marcxml/schema/MARC21slim.xsd"
    xmlns="http://www.loc.gov/MARC21/slim">

  <leader>02082cam a2200349 i 4500</leader>
  <controlfield tag="001">990207874300107026</controlfield>
  <controlfield tag="003">UkOxU</controlfield>
  <controlfield tag="005">20250709141413.0</controlfield>
  <controlfield tag="008">161101s2017    enka          001 0 eng d</controlfield>
  <datafield tag="015" ind1=" " ind2=" ">
    <subfield code="a">GBB700557</subfield>
    <subfield code="2">bnb</subfield>
  </datafield>
  <datafield tag="016" ind1="7" ind2=" ">
    <subfield code="a">018163339</subfield>
    <subfield code="2">Uk</subfield>
  </datafield>
  <datafield tag="020" ind1=" " ind2=" ">
    <subfield code="a">9780241239018</subfield>
    <subfield code="q">hardback</subfield>
  </datafield>
  <datafield tag="035" ind1=" " ind2=" ">
    <subfield code="a">(UkOxU)020787430</subfield>
  </datafield>
  <datafield tag="035" ind1=" " ind2=" ">
    <subfield code="a">(UkOxU)020787430BIB01</subfield>
  </datafield>
  <datafield tag="035" ind1=" " ind2=" ">
    <subfield code="a">(Uk)018163339</subfield>
  </datafield>
  <datafield tag="040" ind1=" " ind2=" ">
    <subfield code="a">StDuBDS</subfield>
    <subfield code="b">eng</subfield>
    <subfield code="e">rda</subfield>
    <subfield code="c">StDuBDS</subfield>
    <subfield code="d">Uk</subfield>
    <subfield code="d">UkOxU</subfield>
  </datafield>
  <datafield tag="042" ind1=" " ind2=" ">
    <subfield code="a">ukblsr</subfield>
  </datafield>
  <datafield tag="245" ind1="0" ind2="4">
    <subfield code="a">The art book </subfield>
    <subfield code="c">/ contributors, Caroline Bugler [and four others] ; editors, Richard Gilbert, Diana Loxley, Kirsty Seymour-Ure, Marek Walisiewicz.</subfield>
  </datafield>
  <datafield tag="264" ind1=" " ind2="1">
    <subfield code="a">London :</subfield>
    <subfield code="b">Dorling Kindersley Limited,</subfield>
    <subfield code="c">2017.</subfield>
  </datafield>
  <datafield tag="300" ind1=" " ind2=" ">
    <subfield code="a">352 pages :</subfield>
    <subfield code="b">illustrations (some colour) ;</subfield>
    <subfield code="c">24 cm.</subfield>
  </datafield>
  <datafield tag="490" ind1="1" ind2=" ">
    <subfield code="a">Big ideas simply explained</subfield>
  </datafield>
  <datafield tag="500" ind1=" " ind2=" ">
    <subfield code="a">Includes index.</subfield>
  </datafield>
  <datafield tag="520" ind1=" " ind2=" ">
    <subfield code="a">The Art Book is a captivating introduction to painting, drawing, printing, sculpture, conceptual art, and performance art - from ancient history to the modern day - aimed at adults with an interest in the subject and students wanting to gain more of an overview. Here you'll discover more than 80 of the world's most groundbreaking artworks by history's most influential painters, sculptors and artists, through exciting text and bold graphics. This fresh new guide examines the ideas that inspired masterpieces by Van Gogh, Rembrandt, Klimt, Matisse, Picasso, and dozens more! If you thought it was difficult to learn about the defining movements, The Art Book presents key information in a clear layout. Find out about subject matters, techniques, and materials, and learn about the talented artists behind the great works, through superb mind maps and step-by-step summaries.</subfield>
  </datafield>
  <datafield tag="650" ind1=" " ind2="0">
    <subfield code="a"> Art</subfield>
    <subfield code="9">7879</subfield>
  </datafield>
  <datafield tag="700" ind1=" " ind2=" ">
    <subfield code="a">Bugler, Caroline,</subfield>
    <subfield code="e">author.</subfield>
    <subfield code="9">25092</subfield>
  </datafield>
  <datafield tag="700" ind1=" " ind2=" ">
    <subfield code="a">Gilbert, Richard</subfield>
    <subfield code="c">(Freelance editor)</subfield>
    <subfield code="e">editor.</subfield>
  </datafield>
  <datafield tag="700" ind1=" " ind2=" ">
    <subfield code="a">Loxley, Diana,</subfield>
    <subfield code="d">1957-</subfield>
    <subfield code="e">editor.</subfield>
    <subfield code="9">25093</subfield>
  </datafield>
  <datafield tag="700" ind1=" " ind2=" ">
    <subfield code="a">Seymour-Ure, Kirsty</subfield>
    <subfield code="e">editor.</subfield>
    <subfield code="9">25094</subfield>
  </datafield>
  <datafield tag="700" ind1=" " ind2=" ">
    <subfield code="a">Walisiewicz, Marek</subfield>
    <subfield code="e">editor.</subfield>
    <subfield code="9">25095</subfield>
  </datafield>
  <datafield tag="830" ind1=" " ind2="0">
    <subfield code="a">Big ideas simply explained</subfield>
  </datafield>
  <datafield tag="942" ind1=" " ind2=" ">
    <subfield code="2">lcc</subfield>
  </datafield>
  <datafield tag="952" ind1=" " ind2=" ">
    <subfield code="0">0</subfield>
    <subfield code="1">0</subfield>
    <subfield code="2">lcc</subfield>
    <subfield code="4">0</subfield>
    <subfield code="7">0</subfield>
    <subfield code="a">TBS</subfield>
    <subfield code="b">TBS</subfield>
    <subfield code="d">2025-03-31</subfield>
    <subfield code="l">0</subfield>
    <subfield code="o">N5300 ART</subfield>
    <subfield code="p">B07515</subfield>
    <subfield code="r">2025-12-12</subfield>
    <subfield code="t">1</subfield>
    <subfield code="w">2025-03-31</subfield>
    <subfield code="y">1</subfield>
  </datafield>
  <datafield tag="999" ind1=" " ind2=" ">
    <subfield code="c">4614</subfield>
    <subfield code="d">4614</subfield>
  </datafield>
</record>
